• 首页
  • 本馆介绍
  • 公告通知
  • 最新文献
  • 馆藏检索
  • 电子资源
  • 读者导购
  • 参考咨询
  • 我的图书馆
  • 登录
  • 详细信息显示
  • 放入我的书架
  • 预约/预借图书
  • 作者相关作品
  • 分类相关作品
  • 丛书相关作品
  • 出版社相关作品

书目信息

  • 表格格式
  • 工作单格式
  • 卡片格式
题名:
税法Ⅰ应试指南
    
 
作者: ;中华会计网校 编
分册:  
出版信息: 北京   人民出版社  2013.02
页数: 293页
开本: 26cm
丛书名: 2013年全国注册税务师执业资格考试梦想成真系列辅导丛书
单 册:
中图分类: D922.220.4
科图分类:
主题词: 税法--中国--资格考试--自学参考资料 , 税法
电子资源:
ISBN: 978-7-01-011666-2
000 01033oam2 2200289 450
001 010050026057
005 20130608084538.04
010    @a978-7-01-011666-2@dCNY42.00
100    @a20130325d2013 em y0chiy50 ea
101 0  @achi
102    @aCN@b110000
105    @ak z 000yy
106    @ar
200 1  @a税法Ⅰ应试指南@9shui faⅠying shi zhi nan@f中华会计网校编
210    @a北京@c人民出版社@d2013.02
215    @a293页@d26cm
225 2  @a2013年全国注册税务师执业资格考试梦想成真系列辅导丛书
300    @a根据2013年全国注册税务师执业资格考试大纲和教材编写
330    @a本书共分为四部分,主要内容包括:历年考试特点分析及应试技巧;应试指导及同步训练;跨章节综合练习题;全真模拟试题及参考答案。
333    @a税法研究人员
461  0 @12001 @a2013年全国注册税务师执业资格考试梦想成真系列辅导丛书
606 0  @a税法@y中国@x资格考试@j自学参考资料
606 0  @a税法
690    @aD922.220.4@v5
711 02 @a中华会计网校@9zhong hua kuai ji wang xiao@4编
801  0 @aCN@b人天书店@c20130325
905    @dD922.220.4@e1014
    
    税法Ⅰ应试指南/中华会计网校编.-北京:人民出版社,2013.02
    293页;26cm.-(2013年全国注册税务师执业资格考试梦想成真系列辅导丛书)
    根据2013年全国注册税务师执业资格考试大纲和教材编写.-使用对象:税法研究人员
    
    ISBN 978-7-01-011666-2:CNY42.00
    本书共分为四部分,主要内容包括:历年考试特点分析及应试技巧;应试指导及同步训练;跨章节综合练习题;全真模拟试题及参考答案。
●
相关链接 在E读中查询图书 在五车中查询图书 在当当中查询图书 在豆瓣中查询图书


正题名:税法Ⅰ应试指南     索取号:D922.220.4/1014         预约/预借

序号 登录号 条形码 馆藏地/架位号 状态 备注
1 0543812   205438123   第一样本阅览室/ [索取号:D922.220.4/1014] 在馆    
2 0543813   205438132   密集书库-史法系/ [索取号:D922.220.4/1014] 在馆    
3 0543814   205438141   第一借阅区/ [索取号:D922.220.4/1014] 在馆    
唐山师范学院图书馆 欢迎您!
大连网信软件有限公司© 版权所有